000 00940nam a2200241Ia 4500
001 15837
003 GE_BSU
008 181216s||||||||xx |||||||||||||| ||und||
040 _cGE_BSU
080 _a821.353.1-32
100 _aხელაძე, ს.
245 _aეს მოხდა საზღვარზე
245 _bეპიზოდები მესაზღვრეთა ცხოვრებიდან
245 _cრედ.კ.რუსიძე. მხ. ვ. კვერნაძე
260 _aბათუმი
260 _bსახელგამი
260 _c1960
300 _a104გვ. ; 17სმ
653 _aეპიზოდები მესაზღვრეთა ცხოვრებიდან
653 _aეს მოხდა საზღვარზე
653 _aსაგუშაგო მთებში; მეორედ შობილი
942 _cBK
999 _c48934
_d48934